|
|
|
|
| LEADER |
00000cam a2200000 a 4500 |
| 001 |
vtls001063575 |
| 003 |
SK-MaSNL |
| 005 |
20260301193332.0 |
| 008 |
240226s1990 xo da frn 100 0 slo |
| 015 |
|
|
|a SNBA1991/02
|
| 020 |
|
|
|a 802310165X
|q (brožované)
|
| 035 |
|
|
|a SNK000006404
|
| 035 |
|
|
|a E49CBD18-36EB-43AE-855C-8FBA9DD23C24
|
| 035 |
|
|
|a urn:nbn:sk:snk-am00ifzb
|
| 040 |
|
|
|a SNK
|b slo
|c SNK
|e AACR2
|
| 041 |
0 |
|
|a slo
|
| 044 |
|
|
|a xo
|c SK
|
| 072 |
|
7 |
|a 637
|x Živočíšne produkty
|2 konspekt
|
| 080 |
|
|
|a 637.1
|2 2001
|
| 080 |
|
|
|a (062.534)
|2 2011
|
| 111 |
2 |
|
|a Kvalita nakupovaného mlieka
|d (1990 :
|c Žilina, Slovensko)
|4 aut
|9 572734
|
| 245 |
1 |
0 |
|a Kvalita nakupovaného mlieka
|b zborník referátov z celoslovenského odborného seminára : Žilina, 28.-29.november 1990
|c kolektív autorov
|
| 250 |
|
|
|a 1. vyd.
|
| 260 |
|
|
|a Žilina
|b Dom techniky ZSVTS
|c 1990
|e Žilina
|f Dom techniky ZSVTS
|
| 300 |
|
|
|a 152 s.
|b schémy, tabuľky
|c 21 cm
|
| 366 |
|
|
|e 300 výtl.
|
| 504 |
|
|
|a Obsahuje bibliografické odkazy
|
| 650 |
0 |
7 |
|a mlieko
|2 SNKPH
|9 3942
|
| 650 |
0 |
7 |
|a Milk
|2 SNKPHeng
|9 303344
|
| 655 |
|
7 |
|a zborníky konferencií
|2 SNKPH
|9 70153
|
| 655 |
|
7 |
|a Proceedings of conferences
|2 SNKPHeng
|9 265791
|
| 852 |
|
|
|a Slovenská národná knižnica
|
| 919 |
|
|
|a 80-231-0165-X
|
| 954 |
|
|
|a odborná, vedecká literatúra pôvodná (slovenská)
|2 lita
|
| 958 |
|
|
|a NB
|
| 958 |
|
|
|a CZ
|
| 958 |
|
|
|a RM
|
| 958 |
|
|
|a OND
|
| 958 |
|
|
|a EUIPO
|
| 999 |
|
|
|c 876839
|d 878769
|
| 952 |
|
|
|a SNK
|b SNK
|y VYP
|7 0
|p 17A0339180
|o snkSC 78636 D1
|i snkKSP 246/91
|0 0
|1 0
|4 0
|d 2002-04-02
|l 0
|r 2004-12-31 00:00:00
|w 2026-02-24
|
| 952 |
|
|
|a SNK
|b SNK
|y PREZ
|7 0
|p 17A0966531
|o snkSC 78636
|i snkKSP 245/91
|0 0
|1 0
|4 0
|d 2012-08-09
|f 1
|l 0
|r 2026-02-24 06:02:10
|w 2026-02-24
|